高齢化率の高い市町村 - Statistics

General Stats
  • This quiz has been taken 12 times
  • The average score is 55 of 100
Answer Stats
都道府県 Answer 高齢化率 % Correct
10_群馬県 南牧村 65.2
82%
01_北海道 歌志内市 53.3
82%
23_愛知県 豊根村 52.4
82%
01_北海道 夕張市 52.2
82%
29_奈良県 上北山村 51.8
82%
17_石川県 珠洲市 51.6
82%
02_青森県 深浦町 50.7
82%
29_奈良県 川上村 55.6
73%
02_青森県 今別町 55.3
73%
05_秋田県 上小阿仁村 53.7
73%
13_東京都 檜原村 53.1
73%
26_京都府 笠置町 52.8
73%
03_岩手県 西和賀町 51.0
73%
02_青森県 外ヶ浜町 51.0
73%
29_奈良県 野迫川村 50.7
73%
31_鳥取県 日野町 50.6
73%
35_山口県 阿武町 49.8
73%
38_愛媛県 久万高原町 49.7
73%
22_静岡県 南伊豆町 49.2
73%
22_静岡県 松崎町 48.8
73%
29_奈良県 下北山村 48.6
73%
02_青森県 佐井村 48.1
73%
07_福島県 金山町 60.9
64%
29_奈良県 東吉野村 58.3
64%
35_山口県 上関町 56.4
64%
30_和歌山県 古座川町 55.2
64%
44_大分県 姫島村 54.6
64%
35_山口県 周防大島町 54.6
64%
22_静岡県 西伊豆町 51.8
64%
39_高知県 室戸市 51.8
64%
29_奈良県 曽爾村 51.6
64%
23_愛知県 設楽町 51.2
64%
13_東京都 奥多摩町 50.8
64%
39_高知県 土佐清水市 50.5
64%
17_石川県 能登町 50.4
64%
17_石川県 穴水町 49.1
64%
01_北海道 赤平市 49.0
64%
22_静岡県 熱海市 48.7
64%
26_京都府 南山城村 48.5
64%
26_京都府 伊根町 48.5
64%
12_千葉県 鋸南町 48.1
64%
22_静岡県 東伊豆町 48.1
64%
01_北海道 芦別市 47.8
64%
20_長野県 天龍村 62.1
55%
10_群馬県 神流町 61.5
55%
29_奈良県 御杖村 60.5
55%
36_徳島県 上勝町 55.9
55%
39_高知県 仁淀川町 55.7
55%
29_奈良県 黒滝村 55.2
55%
20_長野県 根羽村 52.5
55%
31_鳥取県 日南町 52.2
55%
34_広島県 安芸太田町 52.1
55%
29_奈良県 吉野町 52.0
55%
36_徳島県 那賀町 51.8
55%
29_奈良県 天川村 50.9
55%
10_群馬県 下仁田町 50.8
55%
22_静岡県 川根本町 49.6
55%
34_広島県 神石高原町 49.2
55%
44_大分県 竹田市 48.3
55%
20_長野県 売木村 48.2
55%
36_徳島県 佐那河内村 47.9
55%
39_高知県 大豊町 58.7
45%
36_徳島県 牟岐町 53.9
45%
24_三重県 南伊勢町 53.6
45%
01_北海道 松前町 52.2
45%
45_宮崎県 美郷町 51.6
45%
01_北海道 神恵内村 51.5
45%
39_高知県 東洋町 50.9
45%
23_愛知県 東栄町 50.8
45%
15_新潟県 阿賀町 49.6
45%
02_青森県 新郷村 49.3
45%
39_高知県 大月町 49.1
45%
31_鳥取県 江府町 49.1
45%
30_和歌山県 すさみ町 49.0
45%
05_秋田県 藤里町 48.8
45%
31_鳥取県 若桜町 48.7
45%
29_奈良県 山添村 48.7
45%
32_島根県 津和野町 48.5
45%
39_高知県 中土佐町 48.3
45%
43_熊本県 五木村 48.2
45%
39_高知県 土佐町 48.0
45%
32_島根県 美郷町 47.9
45%
07_福島県 飯舘村 57.5
36%
07_福島県 昭和村 55.6
36%
20_長野県 栄村 54.4
36%
36_徳島県 神山町 54.3
36%
07_福島県 三島町 53.9
36%
12_千葉県 御宿町 52.2
36%
01_北海道 上砂川町 51.3
36%
43_熊本県 山都町 50.4
36%
01_北海道 木古内町 49.8
36%
36_徳島県 美波町 49.4
36%
01_北海道 福島町 48.8
36%
03_岩手県 葛巻町 48.2
36%
42_長崎県 小値賀町 50.8
27%
24_三重県 大紀町 50.4
27%
46_鹿児島県 南大隅町 49.3
27%
30_和歌山県 紀美野町 48.6
27%
07_福島県 川内村 48.0
27%
39_高知県 本山町 47.9
27%
No matching quizzes found
Score Distribution
Percent of People with Each Score
Percentile by Number Answered
Your Score History
You have not taken this quiz